000
00296nam a2200121 a 4500
008
101209s1988|||| d
245
1
0
_a
Krása v nás a okolo nás
100
1
_a
Šindelář, Dušan
260
_b
Mladé letá
_a
Bratislava
_c
1988
020
_c
50
044
_a
xo
_c
SK
041
_a
slo
999
_c
14997
_d
14997